000 00459nam a2200157Ia 4500
008 150121s9999 xx 000 0 und d
020 _a2345-8569
245 _aRoot Gatherers /
_h[electronic resource]
260 _bUniversity of the Immaculate Conception,
_c2012.
516 _aElectronic text
650 _aChemistry.
650 _aPharmacy.
830 _aPhilippine E-Journals
856 _uhttp://www.ejournals.ph/index.php?journal=RG
942 _cEJ
999 _c277080
_d277080